<?xml version='1.0' encoding='UTF-8'?>
  <record xmlns="http://www.loc.gov/MARC21/slim">
    <leader>00000cam a22000007i 4500</leader>
    <controlfield tag="001">ocm66065282</controlfield>
    <controlfield tag="003">OCoLC</controlfield>
    <controlfield tag="005">20260117213838.4</controlfield>
    <controlfield tag="008">921005s1919    ne            000 0 ger d</controlfield>
    <datafield tag="040" ind1=" " ind2=" ">
      <subfield code="a">NLGGC</subfield>
      <subfield code="b">dut</subfield>
      <subfield code="e">fobidrtb</subfield>
      <subfield code="c">NLGGC</subfield>
      <subfield code="d">QGJ</subfield>
      <subfield code="d">OCLCA</subfield>
      <subfield code="d">OCLCO</subfield>
      <subfield code="d">OCLCL</subfield>
      <subfield code="d">OCLCQ</subfield>
    </datafield>
    <datafield tag="029" ind1="0" ind2=" ">
      <subfield code="a">NLGGC</subfield>
      <subfield code="b">098196103</subfield>
    </datafield>
    <datafield tag="029" ind1="1" ind2=" ">
      <subfield code="a">DEBSZ</subfield>
      <subfield code="b">327958944</subfield>
    </datafield>
    <datafield tag="035" ind1=" " ind2=" ">
      <subfield code="a">(OCoLC)66065282</subfield>
    </datafield>
    <datafield tag="100" ind1="1" ind2=" ">
      <subfield code="a">Hubrecht, A.A.W.</subfield>
      <subfield code="q">(Ambrosius Arnold Willem),</subfield>
      <subfield code="d">1853-1915.</subfield>
      <subfield code="1">https://id.oclc.org/worldcat/entity/E39PBJdCmybXDjJggdpG8vmTpP</subfield>
    </datafield>
    <datafield tag="245" ind1="1" ind2="0">
      <subfield code="a">Beiträge zur Ontogenie der Säugetiere /</subfield>
      <subfield code="c">von A.A.W. Hubrecht.</subfield>
      <subfield code="n">[XI],</subfield>
      <subfield code="p">Früheste Entwicklungsstadien und Placentation von Galeopithecus / bearb. von Dan. de Lange Jr.</subfield>
    </datafield>
    <datafield tag="246" ind1="3" ind2=" ">
      <subfield code="a">Früheste Entwicklungsstadien und Placentation von Galeopithecus</subfield>
    </datafield>
    <datafield tag="260" ind1=" " ind2=" ">
      <subfield code="a">Amsterdam :</subfield>
      <subfield code="b">Müller,</subfield>
      <subfield code="c">1919.</subfield>
    </datafield>
    <datafield tag="300" ind1=" " ind2=" ">
      <subfield code="a">39 p., [13] vouwbl. :</subfield>
      <subfield code="b">ill. ;</subfield>
      <subfield code="c">26 cm.</subfield>
    </datafield>
    <datafield tag="336" ind1=" " ind2=" ">
      <subfield code="a">tekst</subfield>
      <subfield code="b">txt</subfield>
      <subfield code="2">rdacontent/dut</subfield>
    </datafield>
    <datafield tag="337" ind1=" " ind2=" ">
      <subfield code="a">zonder medium</subfield>
      <subfield code="b">n</subfield>
      <subfield code="2">rdamedia/dut</subfield>
    </datafield>
    <datafield tag="338" ind1=" " ind2=" ">
      <subfield code="a">band</subfield>
      <subfield code="b">nc</subfield>
      <subfield code="2">rdacarrier/dut</subfield>
    </datafield>
    <datafield tag="490" ind1="1" ind2=" ">
      <subfield code="a">Verhandelingen der Koninklijke Akademie van Wetenschappen te Amsterdam. Tweede sectie ;</subfield>
      <subfield code="v">Dl. 16, nr. 6</subfield>
    </datafield>
    <datafield tag="490" ind1="1" ind2=" ">
      <subfield code="a">Mededeelingen uit het Embryologisch Instituut van het Hubrecht-fonds ;</subfield>
      <subfield code="v">no. 1</subfield>
    </datafield>
    <datafield tag="500" ind1=" " ind2=" ">
      <subfield code="a">Betreft een posthume uitg. van nog niet gepubliceerde aantekeningen van A. A. W. Hubrecht onder diens werktitel Beiträge zur Ontogenie der Säugetiere, bewerkt en uitgegeven door Daniel de Lange onder de extra titel Früheste Entwicklungsstadien und Placentation von Galeopithecus.</subfield>
    </datafield>
    <datafield tag="530" ind1=" " ind2=" ">
      <subfield code="a">Titel wordt gedigitaliseerd voor de Koninklijke Bibliotheek in het kader van Metamorfoze.</subfield>
    </datafield>
    <datafield tag="700" ind1="1" ind2=" ">
      <subfield code="a">Lange, D. de</subfield>
      <subfield code="q">(Danie͏̈l),</subfield>
      <subfield code="d">1878-1948.</subfield>
      <subfield code="1">https://id.oclc.org/worldcat/entity/E39PBJfX63kJX69fRtQvQD7JXd</subfield>
    </datafield>
    <datafield tag="758" ind1=" " ind2=" ">
      <subfield code="a">Beiträge zur Ontogenie der Säugetiere (Text)</subfield>
      <subfield code="1">https://id.oclc.org/worldcat/entity/E39PCFT88RvjV4qyBwJPkWFFXb</subfield>
      <subfield code="4">https://id.oclc.org/worldcat/ontology/hasWork</subfield>
    </datafield>
    <datafield tag="830" ind1=" " ind2="0">
      <subfield code="a">Verhandelingen der Koninklijke Akademie van Wetenschappen.</subfield>
      <subfield code="n">Tweede sectie,</subfield>
      <subfield code="p">Plantkunde, dierkunde, aardkunde, delfstofkunde, ontleedkunde, physiologie, gezondheidsleer, en ziektekunde ;</subfield>
      <subfield code="v">Dl. 16, nr. 6.</subfield>
      <subfield code="x">2405-4305</subfield>
      <subfield code="w">(NL-LeOCL)831682280</subfield>
    </datafield>
    <datafield tag="830" ind1=" " ind2="0">
      <subfield code="a">Mededeelingen uit het Embryologisch Instituut van het Hubrechtfonds ;</subfield>
      <subfield code="v">no. 1.</subfield>
      <subfield code="w">(NL-LeOCL)852635532</subfield>
    </datafield>
    <datafield tag="936" ind1=" " ind2=" ">
      <subfield code="a">BATCHLOAD</subfield>
    </datafield>
  </record>